| 000 | 00443cam a2200169ua 4500 | ||
|---|---|---|---|
| 020 | _a0 87055 218 x | ||
| 041 |
_aeng _h |
||
| 082 |
_a664 _bHAR/EL |
||
| 100 | _aHarper, John C . | ||
| 245 |
_aElements of food engineering / _cJohn C Harper. _hTextual Documents |
||
| 250 |
_a2 / _b. |
||
| 260 |
_aConnecticut : _bA V I Publishing company , _c1979. |
||
| 300 |
_a282 : _b506 ; . |
||
| 504 | _a | ||
| 942 | _cBK | ||
| 999 |
_c10519 _d10519 |
||